000 00559nam a2200229Ia 4500
003 OSt
005 20221005114705.0
006 a|||||r|||| 00| 0
007 ta
008 221004b |||||||| |||| 00| 0 kan d
024 _a61210
037 _cTextual
040 _aCRL
_cCRL
_bkan
041 _2kan
_akan
082 _aO33,3NSI,3, J7
100 _aSitaramaya
_9626378
245 0 _aBalina butti
260 _c1957
650 _aKANNAD LITERATURE
942 _hO33,3NSI,3, J7
_cTEXL
_2cc
999 _c1032101
_d1032101